000 01024nam a2200241Ia 4500
003 Ost
005 20260507075354.0
008 260507s9999||||xx |||||||||||||| ||und||
020 _a982634197797
040 _cfsecg
041 _aara
082 _a330
100 _aخبابة، ادريس
_eمؤلف
245 0 _aدور الدولة في ضبط النشاط الإقتصادي :
_bالآليات- التخطيط- التنظيم /
_c ادريس خبابة
260 _aالقاهرة:
_bدار التعليم الجامعي,
_c2014
300 _a290 صفحة؛
_bإيضاحات ؛
_c24 سم
504 _aالمراجع ص.277
520 _aالمرفق العام الإقتصادي والعقد الإداري كأسلوب لتدخل دولة في النشاط الإقتصادي- التخطيط والمساعدة العمومية وضبط النشاط الإقتصادي
653 _aالإقتصاد العام
653 _aالدولة
653 _aالنشاط الإقتصادي
942 _cكتاب
999 _c44194
_d44194